[Event "Tournament of Champions Women 2018"]
[Site "Pleven"]
[Date "2018.05.16"]
[Round "3"]
[White "Nikolova, Adriana"]
[Black "Videnova, Iva"]
[Result "0-1"]
[WhiteElo "2275"]
[BlackElo "2345"]
[Annotator "NA"]
[PlyCount "128"]
[EventDate "2018.??.??"]
[EventCountry "BUL"]
[SourceTitle "playchess.com"]
[Source "ChessBase"]
[SourceQuality "1"]
[TimeControl "5400+30"]

1. e4 c5 2. Nf3 e6 3. c3 d5 4. exd5 Qxd5 5. d4 Nf6 6. Na3 Nc6 7. Nb5 Qd8 8. dxc5 Bxc5 9. Qxd8+ Kxd8 10. b4 {B22: Sicilian: 2 c3} (10. Bf4 Ne4 11. Rd1+ Ke7 12. Nbd4 Nxd4 13. Nxd4 Bd6 14. Bc1 e5 15. Bd3 Nxc3 16. bxc3 exd4 17. O-O Be6 18. cxd4 Bxa2 {0-1 (41) Fernandez,D (2505)-Alekseev,E (2617) Batumi 2018}) 10... Bb6 11. Nd6 Ke7 {LiveBook: 23 Games} 12. Nc4 $1 Ne4 13. Nxb6 axb6 14. Bb2 f6 15. Bd3 Nd6 16. a4 e5 17. Nd2 Be6 18. Ke2 $146 ({Predecessor:} 18. O-O Rad8 19. Rad1 Rd7 20. Bc2 Rhd8 21. h3 Bf5 {½-½ (21) Baldus,A (2260)-Chorfi,K ICCF corr 1994}) 18... Kf7 19. h4 h5 20. f3 Rhd8 21. Rhg1 Ne7 22. g3 Rd7 23. Rg2 Rad8 24. Bc1 Rc8 25. Ra3 Nd5 26. Bb2 Rdc7 27. Nb1 Nf5 28. Rg1 Nxg3+ 29. Rxg3 Nf4+ 30. Ke3 Nxd3 31. Kxd3 Bf5+ 32. Ke3 Bxb1 33. a5 b5 34. Rg1 Bf5 35. Rd1 Rd7 36. Rxd7+ Bxd7 37. Ra1 Rc4 38. Rh1 Rf4 39. Rh2 Bc6 40. Rh3 Bd5 41. Bc1 Rc4 42. Bd2 Ke6 43. Kd3 Bxf3 44. Be3 Bg4 45. Rh2 Bf5+ 46. Kd2 Rc7 47. Rg2 Rd7+ 48. Kc1 Bd3 49. Bc5 g6 50. Be3 Kf7 51. Rd2 Ke6 52. Rg2 Be4 53. Rh2 Rc7 54. Kd2 f5 55. Bg5 f4 56. Re2 Kf5 57. Re1 Rd7+ 58. Ke2 Bd3+ 59. Kf2 e4 (59... Bc4 $142 60. Kg1 e4) 60. Ra1 e3+ 61. Ke1 Ke4 62. a6 f3 63. Bxe3 Kxe3 64. Ra2 Be2 0-1

[Event "Tournament of Champions Women 2018"]
[Site "Pleven"]
[Date "2018.05.16"]
[Round "3"]
[White "Radeva, Viktoria"]
[Black "Salimova, Nurgyul"]
[Result "1/2-1/2"]
[WhiteElo "2275"]
[BlackElo "2260"]
[Annotator "NA"]
[PlyCount "61"]
[EventDate "2018.??.??"]
[EventCountry "BUL"]
[SourceTitle "playchess.com"]
[Source "ChessBase"]
[SourceQuality "1"]
[TimeControl "5400+30"]

{[%evp 8,61,39,28,43,20,44,32767,38,32767,32767,18,33,24,25,32767,17,13,22,10,32767,32767,32767,32767,32767,32767,32767,32767,32767,32767,32767,32767,32767,32767,32767,32767,-60,32767,32767,-54,32767,-31,-30,-30,32767,32767,32767,32767,32767,32767,32767,32767,-88,-84,-84,-101]} 1. e4 e5 2. Nf3 Nc6 3. Bc4 Nf6 4. d3 Be7 5. O-O O-O 6. c3 d6 7. a4 {C55: Two Knights: 4 d3, 4 d4 exd4 5 e5 and Max Lange Attack} Na5 8. Ba2 c5 9. Nbd2 Nc6 10. Re1 h6 (10... Be6 11. Bxe6 fxe6 12. b4 cxb4 13. cxb4 Nxb4 14. Qb3 d5 15. Nxe5 Rc8 {0-1 (55) Kramnik,V (2812)-Carlsen,M (2855) Paris 2016}) 11. Nf1 Be6 {LiveBook: 3 Games} 12. Bxe6 fxe6 13. Ng3 Rf7 $146 ({Predecessor:} 13... Qd7 14. h3 Rf7 15. d4 cxd4 16. cxd4 {1-0 (74) Alonso,S (2490)-Barrionuevo,P (2337) Buenos Aires 2010}) 14. Bd2 Rc8 15. h3 Nh7 16. Qb3 Qd7 17. Rad1 Rcf8 18. Be3 Rxf3 19. gxf3 Ng5 20. Bxg5 Bxg5 21. Qc2 Ne7 22. d4 cxd4 23. cxd4 Ng6 24. Qb3 Kh7 25. Ne2 Nh4 26. Rd3 Qf7 27. dxe5 dxe5 28. Red1 Nxf3+ 29. Rxf3 Qxf3 30. Qxf3 Rxf3 $17 31. Nc3 1/2-1/2

[Event "Tournament of Champions Women 2018"]
[Site "Pleven"]
[Date "2018.05.16"]
[Round "3"]
[White "Antova, Gabriela"]
[Black "Velcheva, Maria"]
[Result "1/2-1/2"]
[WhiteElo "2270"]
[BlackElo "2233"]
[Annotator "NA"]
[PlyCount "57"]
[EventDate "2018.??.??"]
[EventCountry "BUL"]
[SourceTitle "playchess.com"]
[Source "ChessBase"]
[SourceQuality "1"]
[TimeControl "5400+30"]

1. d4 d5 2. Nf3 Nf6 3. c4 e6 4. Nc3 c6 5. e3 Nbd7 6. Qc2 b6 7. Bd3 Bb7 8. O-O Be7 9. Rd1 {D45: Semi-Slav: 5 e3} Qc7 10. b3 h6 11. Bb2 Rd8 12. Rac1 O-O 13. cxd5 exd5 {LiveBook: 3 Games [#]} 14. h3 $146 ({Predecessor:} 14. Bf5 Qb8 15. Ne5 Rfe8 16. Ne2 Bd6 17. Nxc6 Bxh2+ {½-½ (50) Svane,R (2549)-Dreev,A (2664) Helsingor 2016}) 14... Rfe8 15. a3 Qb8 16. b4 Rc8 17. Qe2 c5 18. dxc5 bxc5 19. bxc5 Nxc5 20. Bb5 Red8 21. Na4 Nxa4 22. Bxa4 $11 (22. Be5 $5 {[%cal Re5b8]} Bd6 23. Bxf6 Rxc1 24. Rxc1 $11) 22... Rxc1 23. Rxc1 Ba6 24. Qc2 Rc8 25. Qb3 Bc4 26. Qc3 Ba6 27. Qb3 Bc4 28. Qc3 Ba6 29. Qb3 1/2-1/2

[Event "Tournament of Champions Women 2018"]
[Site "Pleven"]
[Date "2018.05.16"]
[Round "3"]
[White "Raeva, Elitsa"]
[Black "Genova, Lyubka"]
[Result "1/2-1/2"]
[WhiteElo "2254"]
[BlackElo "2202"]
[Annotator "NA"]
[PlyCount "56"]
[EventDate "2018.??.??"]
[EventCountry "BUL"]
[SourceTitle "playchess.com"]
[Source "ChessBase"]
[SourceQuality "1"]
[TimeControl "5400+30"]

1. d4 Nf6 2. Nf3 e6 3. e3 c5 4. Bd3 b6 5. O-O Be7 6. c4 cxd4 7. exd4 Bb7 8. Nc3 O-O 9. d5 Bb4 10. Ne4 {LiveBook: 10 Games E14: Queen's Indian: Classical Variation (4 e3)} exd5 11. Nxf6+ Qxf6 12. cxd5 h6 13. Nd4 $146 ({Predecessor:} 13. a3 Bd6 14. Bc2 Bf4 15. Qd3 g6 16. Bxf4 Qxf4 17. Rfe1 Na6 {1-0 (37) Miles,A (2590)-Kelly,B (2405) England 1998}) 13... Bc5 14. Nf5 Ba6 15. Bxa6 Nxa6 16. Qg4 Qg6 17. Qf3 Rfe8 18. a3 Bf8 19. b4 Nc7 20. Bb2 Nb5 21. Rad1 Nd6 22. Ne3 Ne4 23. h4 h5 24. Rfe1 b5 25. Nf5 Nd6 26. Ng3 Qg4 27. Nxh5 $15 Qxf3 28. gxf3 Nc4 1/2-1/2

[Event "Tournament of Champions Women 2018"]
[Site "Pleven"]
[Date "2018.05.16"]
[Round "3"]
[White "Gocheva, Rumiana"]
[Black "Voiska, Margarita"]
[Result "1/2-1/2"]
[WhiteElo "2059"]
[BlackElo "2273"]
[Annotator "NA"]
[PlyCount "105"]
[EventDate "2018.??.??"]
[EventCountry "BUL"]
[SourceTitle "playchess.com"]
[Source "ChessBase"]
[SourceQuality "1"]
[TimeControl "5400+30"]

1. e4 e6 2. d3 d5 3. Qe2 dxe4 4. dxe4 e5 5. Nf3 Nc6 6. c3 Nf6 7. Qc2 Bc5 {LiveBook: 6 Games C00: French: Unusual White 2nd moves} 8. Bc4 $146 ({Predecessor:} 8. b4 Bd6 9. a3 O-O 10. Nbd2 a5 11. Rb1 axb4 12. axb4 Ne7 13. Be2 Ng6 14. g3 Bh3 15. Ng5 {1-0 (58) Fedorov,A (2574)-Provotorov,I (2369) Voronezh 2014}) 8... h6 9. Nbd2 Qe7 10. b4 Bb6 11. a4 a5 12. Qb3 axb4 13. cxb4 Ng4 14. O-O Nd4 15. Nxd4 Bxd4 16. Ra2 Be6 17. Nf3 O-O 18. h3 Nf6 19. Nxd4 exd4 20. Bxe6 Qxe6 21. Qxe6 fxe6 22. e5 Nd5 23. Bd2 c6 24. a5 g5 25. Rc2 Nc7 26. f4 gxf4 $1 27. Rxf4 Rxf4 28. Bxf4 Kg7 29. Rd2 Rd8 30. Rd3 Na6 31. Bd2 c5 32. bxc5 (32. b5 $11 Nb8 33. Rg3+ Kh7 34. Rf3) 32... Nxc5 33. Rg3+ Kh7 34. Kf1 {[#]} Ne4 (34... Rd5 $1 $17 35. Ke1 Rxe5+ 36. Kd1 h5) 35. Rd3 Kg6 36. g4 Nxd2+ 37. Rxd2 Rd5 38. Kf2 h5 39. Kf3 hxg4+ 40. hxg4 Rxa5 41. Rxd4 Rxe5 42. Rd6 b5 43. Rb6 Kf6 44. Kf4 Rc5 45. Ke4 Rc4+ 46. Kd3 Rb4 47. g5+ Kf5 48. g6 Rb3+ 49. Kc2 Rg3 50. Rxb5+ e5 51. Kd2 Rxg6 52. Rb3 $11 Rg2+ 53. Ke1 1/2-1/2

[Event "Tournament of Champions Women 2018"]
[Site "Pleven"]
[Date "2018.05.17"]
[Round "4"]
[White "Videnova, Iva"]
[Black "Gocheva, Rumiana"]
[Result "1-0"]
[WhiteElo "2345"]
[BlackElo "2059"]
[Annotator "TA"]
[PlyCount "45"]
[EventDate "2018.??.??"]
[EventCountry "BUL"]
[SourceTitle "playchess.com"]
[Source "ChessBase"]
[SourceQuality "1"]

{[%evp 18,45,33,28,41,30,50,50,68,0,0,-55,16,-12,0,0,0,0,0,0,193,207,286,269,237,245,869,843,798,558]} 1. e4 c5 2. Nf3 e6 3. d4 cxd4 4. Nxd4 Nf6 5. Nc3 Bb4 6. e5 Nd5 7. Bd2 Nxc3 8. bxc3 Be7 9. Qg4 Kf8 {B40: Sicilian: 2...e6, Unusual lines} 10. Bd3 {LiveBook: 6 Games} d6 (10... h5 11. Qf4 d6 12. Bg6 Qe8 13. Nf3 d5 14. Bd3 Nd7 15. h4 Nc5 16. Rh3 Rh6 17. Rg3 Nxd3+ 18. cxd3 {1-0 (34) Geller,J (2526)-Paravyan,D (2550) Moscow 2017}) 11. f4 Nd7 {[%cal Bb8d7,Bd7c5,Bc5e6][%mdl 32] White has an edge.} 12. O-O Nc5 13. f5 (13. Rae1 $14) 13... h5 $146 ({Predecessor:} 13... dxe5 14. fxe6 Bf6 15. Rxf6 Qxf6 16. Bg5 Bxe6 17. Qh4 exd4 18. Bxf6 gxf6 19. Qxf6 Rg8 20. Bxh7 Rg7 21. cxd4 Rxh7 22. dxc5 Rc8 23. Re1 {1-0 (23) Chorfi,K (2205)-Nadli,H Ronde 1995}) 14. Qg3 (14. Qe2 $11 dxe5 15. Qxe5) 14... dxe5 (14... h4 $1 $15 15. Qe3 dxe5 16. Qxe5 Nd7) 15. fxe6 Bf6 16. Rxf6 gxf6 17. Nf5 $36 {[%cal Bd4f5,Bf5d6,Bd6f7][%mdl 2080] Intending Qg7+ and mate. White has some pressure.} Nxe6 {Threatens to win with ...Ng5.} 18. Bc1 Qb6+ $2 {[#]} (18... Qa5 $11 {and Black stays safe.}) 19. Kh1 $1 $18 {[%mdl 1024] Black must now prevent Ba3+. White has strong compensation.} h4 20. Ba3+ Ke8 21. Qf3 a6 $2 (21... Nc5) 22. Nd6+ Kd7 23. Nxf7 {Precision: White = 50%, Black = 34%.} 1-0

[Event "Tournament of Champions Women 2018"]
[Site "Pleven"]
[Date "2018.05.17"]
[Round "4"]
[White "Radeva, Viktoria"]
[Black "Antova, Gabriela"]
[Result "1/2-1/2"]
[WhiteElo "2275"]
[BlackElo "2270"]
[Annotator "TA"]
[PlyCount "75"]
[EventDate "2018.??.??"]
[EventCountry "BUL"]
[SourceTitle "playchess.com"]
[Source "ChessBase"]
[SourceQuality "1"]

{[%evp 19,75,25,21,20,33,29,27,14,25,7,32,27,41,7,16,0,12,13,10,0,0,0,0,0,24,23,23,-37,-36,-33,-31,-37,-36,-31,-43,-34,-32,-31,0,0,0,0,0,-12,0,0,0,-8,-8,-18,0,-6,0,-15,0,-15,0,-4]} 1. e4 c5 2. Nf3 d6 3. Bb5+ Bd7 4. Bxd7+ Qxd7 5. O-O Nf6 6. Qe2 e6 {B52: Sicilian: Moscow Variation with 3...Bd7} (6... Nc6 7. c3 e6 8. d4 cxd4 9. cxd4 d5 10. e5 Ne4 11. Nbd2 Nxd2 12. Bxd2 Be7 13. Rac1 O-O 14. g3 Rfc8 15. h4 Bd8 16. h5 h6 17. Kg2 Ne7 18. b3 Rxc1 19. Rxc1 Rc8 20. Rxc8 Qxc8 21. Qd3 Nc6 22. Ne1 Be7 23. Nc2 a6 24. g4 Qf8 25. Qc3 Bd8 26. Qd3 Be7 27. Qc3 Bd8 28. Qd3 {½-½ (28) Laznicka,V (2664)-Kovalyov,A (2641) Linares 2017}) 7. d4 cxd4 8. Nxd4 Be7 9. c4 O-O 10. Nc3 a6 {LiveBook: 6 Games} 11. Rd1 Nc6 12. b3 Rac8 13. Bb2 Qc7 14. Rac1 Qb8 15. h3 $146 Rfe8 16. Nf3 Nd7 17. Rd2 Nde5 {Threatening ...Nxf3+.} 18. Rcd1 Red8 19. Nd4 Bg5 20. Nxc6 Rxc6 21. Rd4 Ng6 22. g3 Bf6 23. R4d3 ({Better is} 23. R4d2 $11) 23... b5 $15 24. cxb5 axb5 25. Nb1 Bxb2 26. Qxb2 h5 27. h4 Rdc8 {Threatens to win with ...Rc2.} 28. Qe2 Ne5 29. R3d2 {The position is equal.} g6 30. Na3 $1 {[%cal Ra3b5]} Rb6 31. Rc2 Rxc2 32. Nxc2 Rc6 33. Nd4 Rc5 34. Kg2 Qb7 35. Nf3 Qc6 36. Nd4 Qb7 37. Nf3 Qc6 38. Nd4 {Precision: White = 57%, Black = 51%.} 1/2-1/2

[Event "Tournament of Champions Women 2018"]
[Site "Pleven"]
[Date "2018.05.17"]
[Round "4"]
[White "Voiska, Margarita"]
[Black "Raeva, Elitsa"]
[Result "0-1"]
[WhiteElo "2273"]
[BlackElo "2254"]
[Annotator "TA"]
[PlyCount "98"]
[EventDate "2018.??.??"]
[EventCountry "BUL"]
[SourceTitle "playchess.com"]
[Source "ChessBase"]
[SourceQuality "1"]

{[%evp 17,98,1,10,0,27,15,20,12,18,19,28,21,22,19,40,26,31,11,48,45,46,41,33,32,34,35,47,45,47,6,21,-18,12,0,42,39,37,32,40,18,33,20,16,22,58,57,70,75,91,60,84,30,102,111,122,-81,-63,-86,-64,-83,-52,-62,-48,-62,-63,-68,0,0,0,0,282,-158,-162,-129,-122,-379,-393,-363,-352,-5795,-1338,-29991,-29992]} 1. Nf3 Nf6 2. d4 e6 3. g3 b6 4. Bg2 Bb7 5. O-O Be7 6. c4 O-O 7. Nc3 Ne4 8. Bd2 d5 9. Qc2 {E18: Queen's Indian: Old Main Line (4 g3 Bb7 5 Bg2 Be7 6 0-0 0-0 7 Nc3)} (9. cxd5 exd5 10. Rc1 Nd7 11. Bf4 Nxc3 12. Rxc3 c5 13. dxc5 bxc5 14. Rc1 Nf6 15. Bg5 Qb6 16. Qc2 Rfe8 17. Nd2 h6 18. Bxf6 Bxf6 19. e4 dxe4 20. Bxe4 Rad8 21. Bxb7 Qxb7 22. Nb3 Bd4 23. Nxc5 Bxc5 24. Qxc5 Qxb2 25. Qxa7 {½-½ (25) Aronian,L (2805)-Korobov,A (2652) Riadh 2017}) 9... Nd7 {LiveBook: 3 Games} 10. Rad1 f5 $146 ({Predecessor:} 10... Nxc3 11. Bxc3 c6 12. b3 f5 13. Nd2 Bd6 14. Rde1 Nf6 15. c5 Bc7 16. b4 Qe8 {½-½ (45) Baules,J (2317)-Polaczek,R (2419) Dresden 2008}) 11. cxd5 {White has an edge.} exd5 12. Bf4 Bd6 13. Bxd6 cxd6 14. Qb3 Ndf6 15. Ne1 Kh8 16. Nd3 Qe7 17. Nf4 {[%cal Rf4d5]} Qf7 18. Nb5 a6 19. Na3 b5 20. f3 Ng5 21. Rfe1 Rae8 22. e3 Ne6 23. Qb4 g5 24. Nd3 Qc7 25. Nb1 Bc6 (25... f4 $5) 26. Rc1 a5 27. Qc3 Rc8 28. b4 a4 $1 29. Nf2 Qg7 30. Qd3 f4 31. exf4 gxf4 32. Rxe6 fxg3 33. hxg3 Bd7 34. Ree1 (34. Rxc8 $16 Rxc8 35. Re2 (35. Rxd6 Qxg3 36. Rxd7 Rc1+ 37. Nd1 Qe1+ 38. Qf1 Qxd1 $11)) 34... Rxc1 (34... Qxg3 $11 35. Qf1 Rc4) 35. Rxc1 $16 Qxg3 {[#]} 36. Nh1 $2 (36. Nc3 $1 $16 {stays on course.}) 36... Qh4 $17 {White must now prevent ...Rg8.} 37. Nc3 Rg8 38. Rc2 ({But not} 38. Qd2 $2 Bh3 $19) 38... Nh5 $40 {[%mdl 128] White needs to defend precisely.} 39. Nxd5 {Strongly threatening Qe4.} Qg5 $1 {[%cal Rg5d5]} 40. Ne3 $1 {With the idea Nf2.} Nf4 {[%mdl 1024] Black has compensation.} 41. Qc3 Rc8 ({Black should play} 41... h5 $15) 42. Qd2 {aiming for Nf2.} Re8 43. Kf1 Qh4 $2 {[%mdl 8192]} (43... d5 $11 {and Black stays safe.}) 44. Ng4 $2 {[#]} (44. Nf2 $18) 44... Bf5 $1 {[%cal Rf5d3]} ({Inferior is} 44... Bxg4 45. fxg4 Qxg4 46. d5 $11) 45. Nhf2 ({Avoid the trap} 45. Rc1 $2 Bd3+ 46. Kg1 Ne2+ 47. Qxe2 Bxe2 $19) 45... Qg3 {[%csl Gf4][%cal Rg3g2]} 46. Ne4 $4 {[%mdl 8192]} (46. Bh1 $17 Nh3 47. Bg2) 46... Bxe4 $1 $19 47. fxe4 {Threatens to win with Qd1.} Qxg4 48. Rc1 $2 (48. d5 Re5 49. Qc3) 48... Rf8 (48... Nxg2 $142 49. Qf2 Nh4) 49. Kg1 Ne2+ {Precision: White = 44%, Black = 50%.} 0-1

[Event "Tournament of Champions Women 2018"]
[Site "Pleven"]
[Date "2018.05.17"]
[Round "4"]
[White "Salimova, Nurgyul"]
[Black "Genova, Lyubka"]
[Result "0-1"]
[WhiteElo "2260"]
[BlackElo "2202"]
[Annotator "ChessBase"]
[PlyCount "64"]
[EventDate "2018.??.??"]
[EventCountry "BUL"]
[SourceTitle "playchess.com"]
[Source "ChessBase"]
[SourceQuality "1"]
[TimeControl "5400+30"]

1. e4 c5 2. Nf3 e6 3. d4 cxd4 4. Nxd4 Nc6 5. Nc3 Qc7 6. Be2 Nf6 7. O-O b6 8. Bg5 a6 9. Nxc6 dxc6 10. Bxf6 gxf6 11. Qd4 Be7 12. Rad1 Bb7 13. Kh1 h5 14. Qe3 h4 15. Qh3 Bd6 16. a3 O-O-O 17. b4 Rdg8 18. Na4 Bg3 19. c4 c5 20. bxc5 bxc5 21. Rd5 Bxd5 22. cxd5 Qd6 23. Bc4 Re8 24. Rb1 Bxf2 25. Qf3 Bd4 26. Rb6 Qe5 27. dxe6 fxe6 28. Qb3 Qxe4 29. Rb8+ Kd7 30. Rb7+ Kd6 31. Rb6+ Ke5 32. Qd1 h3 0-1

[Event "Tournament of Champions Women 2018"]
[Site "Pleven"]
[Date "2018.05.17"]
[Round "4"]
[White "Velcheva, Maria"]
[Black "Nikolova, Adriana"]
[Result "0-1"]
[WhiteElo "2233"]
[BlackElo "2275"]
[Annotator "TA"]
[PlyCount "100"]
[EventDate "2018.??.??"]
[EventCountry "BUL"]
[SourceTitle "playchess.com"]
[Source "ChessBase"]
[SourceQuality "1"]

{[%evp 9,100,0,75,19,68,78,78,79,120,121,120,122,112,105,127,118,118,133,112,91,78,91,113,110,96,89,152,104,120,59,66,17,53,0,56,50,64,25,37,-88,-93,-244,-239,-247,-254,-437,-428,-395,-408,-406,-339,-328,-297,-308,-319,-305,-283,-378,-333,-353,-224,-236,-229,-316,-306,-311,-318,-316,-311,-302,-304,-302,-289,-292,-284,-270,-264,-435,-415,-12840,-12840,-12841,-12841,-12841,-12842,-12840,-12840,-12841,-12842,-12842,-12843,-12843,-12843]} 1. e4 c6 2. d4 d5 3. e5 c5 4. dxc5 e6 5. a3 (5. Nf3 Bxc5 6. Bd3 Ne7 7. O-O Ng6 8. a3 O-O 9. Nbd2 Nc6 10. b4 Bb6 11. Bb2 Nf4 12. Nb3 a5 13. Qd2 Nxd3 14. cxd3 {½-½ (38) Vitiugov,N (2735)-Anand,V (2776) Karlsruhe/Baden-Baden 2018}) 5... a5 {LiveBook: 6 Games} (5... Bxc5 $11 {keeps the balance.} 6. Qg4 Kf8) 6. Bd3 {B12: Caro-Kann: Advance Variation} (6. Nc3 $16) 6... Bxc5 7. Qg4 g6 $146 ({Predecessor:} 7... Kf8 8. Nf3 Ne7 9. O-O Ng6 10. h4 Nc6 11. Re1 h5 12. Qg3 Nge7 {0-1 (39) May,A-Scheffner,A (2318) Plovdiv 2010}) 8. Nf3 {White is better.} b6 9. Nc3 Ba6 10. Nb5 Qd7 11. a4 Nc6 {[#]} 12. c3 $1 h5 13. Qf4 Nge7 14. Bd2 (14. O-O {with more complications.} Nf5 15. Re1 Kf8 16. h3 Nd8 17. Bd2) 14... Nf5 15. O-O Bf8 16. Rfe1 Bh6 17. Ng5 Kf8 (17... Bxb5 $142 18. Bxb5 (18. axb5 Nce7 $14) 18... O-O-O) 18. Rad1 Bxb5 19. Bxb5 (19. axb5 $16 Nce7 20. g3) 19... Qc7 $14 20. c4 {Strongly threatening cxd5.} Nce7 21. Rc1 (21. b3 $14) 21... d4 (21... dxc4 $11 22. Rxc4 Qb8) 22. Qf3 Rd8 $1 23. Bf4 Kg7 24. h3 (24. Qd3 $14 {stays ahead.}) 24... d3 $17 {White must now prevent ...d2.} 25. Rcd1 $2 (25. Re4 $17 {was called for.}) 25... Nd4 $19 26. Qe4 {[#]} Ne2+ $1 27. Kf1 $2 (27. Rxe2 {keeps fighting.} dxe2 28. Qxe2) 27... Rd4 28. Nxe6+ fxe6 29. Bxh6+ Rxh6 30. Qf3 Nf5 ({Not} 30... Qxe5 31. Rxd3 Rxd3 32. Qxd3 $15) 31. Rxd3 Rxd3 32. Qxd3 Ned4 33. Qe4 h4 34. Rd1 Nxb5 35. axb5 {intending Qc6.} Rh8 36. Qd3 {If only White now had time for Qd7+....} Rc8 37. b3 a4 38. Qd7+ Qxd7 39. Rxd7+ {[%mdl 4096] Endgame KRN-KR} Kh6 40. bxa4 Rxc4 41. Rb7 Rxa4 42. Rxb6 Rb4 43. Ke2 $2 {[#]} (43. Ke1 {was the only chance.}) 43... Rxb5 $1 {[%mdl 512]} 44. Rxb5 {KR-KN} (44. Ra6 $142) 44... Nd4+ {Black is clearly winning.} 45. Kd3 Nxb5 46. Kc4 Nc7 47. Kc5 Ne8 48. Kc6 Kg5 49. Kd7 Ng7 50. Kd6 Kf4 {Precision: White = 34%, Black = 74%.} 0-1

[Event "Tournament of Champions Women 2018"]
[Site "Pleven"]
[Date "2018.05.17"]
[Round "5"]
[White "Nikolova, Adriana"]
[Black "Radeva, Viktoria"]
[Result "1-0"]
[WhiteElo "2275"]
[BlackElo "2275"]
[Annotator "NA"]
[PlyCount "71"]
[EventDate "2018.??.??"]
[EventCountry "BUL"]
[SourceTitle "playchess.com"]
[Source "ChessBase"]
[SourceQuality "1"]
[TimeControl "5400+30"]

1. d4 d5 2. Bf4 Nf6 3. Nf3 e6 4. e3 c5 5. c3 Bd6 6. Ne5 {D02: 1 d4 d5 2 Nf3 sidelines, including 2...Nf6 3 g3 and 2...Nf6 3 Bf4} O-O {LiveBook: 8 Games} 7. Nd2 Qc7 (7... Nc6 8. Nxc6 bxc6 9. dxc5 Bxc5 10. Bd3 Bd6 11. Bg5 h6 12. Bh4 a5 13. O-O Be7 14. e4 Ba6 15. Bxa6 Rxa6 {½-½ (54) Mamedyarov,S (2804)-Khachiyan,M (2522) chess.com INT 2018}) 8. Bd3 Nbd7 9. Ndf3 b6 10. Qb1 $146 ({Predecessor:} 10. O-O Bb7 11. Qe2 c4 12. Bc2 b5 13. Kh1 Ne8 14. g4 f6 15. Nxd7 Qxd7 {1-0 (55) Hommer,J (1813)-Schnegelberger,L (1924) Vellmar 2016}) 10... h6 11. g4 Bb7 12. h4 Ne4 13. g5 h5 14. g6 (14. Qd1 $14) 14... f6 15. Nxd7 Qxd7 16. Bxd6 Qxd6 17. Qd1 Rfd8 $18 18. Nd2 cxd4 19. Qxh5 Rd7 20. Nxe4 dxe4 21. Bb5 Bc6 22. Qh7+ Kf8 23. Qh8+ Ke7 24. Qxg7+ Ke8 25. Qg8+ Ke7 26. Qf7+ Kd8 27. Qxf6+ Kc7 28. Bxc6 Rf8 29. Qxd4 Qxc6 30. Qe5+ Kb7 31. g7 Rg8 32. Rg1 Rd5 33. Qf6 Rf5 34. Qe7+ Ka6 35. Rd1 Qc4 36. Rd7 1-0

[Event "Tournament of Champions Women 2018"]
[Site "Pleven"]
[Date "2018.05.17"]
[Round "5"]
[White "Antova, Gabriela"]
[Black "Salimova, Nurgyul"]
[Result "1/2-1/2"]
[WhiteElo "2270"]
[BlackElo "2260"]
[Annotator "NA"]
[PlyCount "74"]
[EventDate "2018.??.??"]
[EventCountry "BUL"]
[SourceTitle "playchess.com"]
[Source "ChessBase"]
[SourceQuality "1"]
[TimeControl "5400+30"]

1. d4 Nf6 2. Nf3 g6 3. c4 Bg7 4. g3 O-O 5. Bg2 d5 6. cxd5 Nxd5 7. O-O Nc6 {LiveBook: 590 Games} 8. Nc3 Nb6 9. d5 Na5 10. e4 c6 11. Bf4 cxd5 12. Nxd5 Nxd5 13. exd5 Nc4 14. Rc1 Nb6 15. d6 exd6 16. b3 d5 17. Nd4 Bd7 18. a4 Qf6 19. Be3 Rac8 20. Qd2 Qd6 21. Qa5 Rxc1 22. Rxc1 Rc8 23. Rxc8+ Nxc8 24. Qxd5 $11 Qxd5 25. Bxd5 b6 26. Nc6 Bf6 27. Bf3 Bc3 28. Bd5 Bf6 29. Kf1 Ne7 30. Nxe7+ Bxe7 31. Ke2 Bf5 32. Bd4 Kf8 33. f3 h5 34. a5 bxa5 35. Bxa7 Bd7 36. Bb6 a4 37. bxa4 Bxa4 1/2-1/2

[Event "Tournament of Champions Women 2018"]
[Site "Pleven"]
[Date "2018.05.17"]
[Round "5"]
[White "Raeva, Elitsa"]
[Black "Videnova, Iva"]
[Result "1/2-1/2"]
[WhiteElo "2254"]
[BlackElo "2345"]
[Annotator "NA"]
[PlyCount "73"]
[EventDate "2018.??.??"]
[EventCountry "BUL"]
[SourceTitle "playchess.com"]
[Source "ChessBase"]
[SourceQuality "1"]
[TimeControl "5400+30"]

1. Nf3 c5 2. e3 Nf6 3. b3 g6 4. Bb2 Bg7 5. Be2 O-O {LiveBook: 103 Games} 6. O-O b6 {A05: Réti Opening: 1 Nf3 Nf6} (6... Nc6 7. d4 cxd4 8. Nxd4 b6 9. c4 Bb7 10. Bf3 Qc7 11. Nc3 Nxd4 12. Bxb7 Qxb7 13. Qxd4 Ne4 14. Qxe4 Qxe4 15. Nxe4 Bxb2 16. Rad1 d6 17. Rd5 a6 18. Rb1 {½-½ (36) Dragun,K (2621)-Sadzikowski,D (2563) Warsaw 2017}) 7. d3 Bb7 8. Nbd2 d6 9. c4 d5 10. cxd5 Nxd5 $146 ({Predecessor:} 10... Bxd5) 11. Bxg7 Kxg7 12. Qc2 Nc6 13. Qb2+ Kg8 14. Rad1 Qc7 15. Rc1 e5 16. Rfd1 Qe7 17. Bf1 Rad8 18. a4 Ndb4 19. Nc4 Rfe8 20. d4 cxd4 21. exd4 exd4 22. Nxd4 Nxd4 23. Rxd4 Nc6 24. Rf4 $11 Qg5 25. g3 Nd4 26. Rxd4 Rxd4 27. Qxd4 Qxc1 28. Qd7 Re1 29. Qd8+ Kg7 30. Qd4+ Kf8 31. Qd8+ Re8 32. Qd6+ Kg8 33. Qd7 Re1 34. Qd8+ Kg7 35. Qd4+ Kf8 36. Qd8+ Kg7 37. Qd4+ 1/2-1/2